000 00718nam a2200289Ia 4500
001 12542
005 20240113235403.0
007 ta
008 051021s1914 g b000 u 465 u
040 _aCotton College,Assam
041 _a465
082 _a937.06
_bF 632 M
100 _aFletcher, C.R.L. .
245 0 _aThe Making of Western Europe /
_cC.R.L. Fletcher.
_hTextual Documents
250 _a1st ed. /
260 _aLondon :
_bJohn Murray ,
_c1914.
300 _c24cm.
362 _aVol. II-
504 _aIndex
653 _aEurope History
653 _aHistory-Europe
653 _aG-History
942 _2ddc
_cBK
999 _c12528
_d12528